1882 1598 1440 1055 1632 1346 1037 1617 1490 1108 1288 1096 1386 1048 1454 1533 1435 1490 1177 1268 1216 1956 1224 1029 1715 1430 1947 1582 1839 1242 1748 1629 1907 1057 1666 1893 1940 1136 1420 1879 1304 1136 1836 1585 1349 1968 1603 1280 1716 1593 1664 1263 1332 1768 1567 1887 1955 1122 1743 1464 1535 1189 1027 1647 1808 1124 1724 1074 1788 1809 1488 1225 1719 1233 1054 1553 1128 1727 1212 1899 1612 1492 1411 1392 1409 1553 1896 1340 1125 1075 1270 1770 1371 1554 1870 1604 1476 1817 1662 BCNSPRNW ULIB Ver.6.0+V

เปลี่ยนเป็นภาษาไทย

Change to English
 แสดงรายละเอียดบรรณานุกรม
  กลับหน้าหลัก

Brief Record : Get Marc (ISO 2709) : E-mail record : QR code < ปิดหน้าต่าง
LEADER : 00000nam 2200000uu 4500
001    13399114333
003     ULIB
008    120321s2552||||th 000 0 tha d
020    ^a9786115000074
090    ^aนว.^bณ410ฟ 2552
100 0  ^aณารา
245 00 ^aไฟฝันวันรัก/^cณารา
250    ^aพิมพ์ครั้งที่ 3
260    ^aกรุงเทพฯ :^bพิมพ์คำ,^c2552
300    ^a402 หน้า
710 1  ^aพิมพ์คำ
945    ^p280^l0^i16306
995    ^aกัณชพร
999    ^aใช้งานได้ทุกระบบ
รายการนี้ยังไม่มีแท็ก
คุณยังไม่ได้ล็อกอิน คุณสามารถมีกิจกรรมร่วมกับเว็บไซต์ได้ แต่ต้องล็อกอินก่อน ::
  ล็อกอิน

รายการสื่อสารสนเทศ

ลำดับที่ ประเภท เลขเรียก/บาร์โค้ด สถานที่ สถานะ
1. นวนิยาย
นวนิยาย
นว. ณ410ฟ 2552  
  Barcode: 16306
ห้องสมุดวิทยาเขตสวรรค์ประชารักษ์
►นวนิยาย
บนชั้น
  ขอยืม

รายการใกล้เคียง
    ผู้แต่ง [ณารา]

BibComment


ยังไม่เคยถูกคอมเมนท์

คอมเมนท์ทรัพยากรรายการนี้
  คอมเมนท์: ไฟฝันวันรัก ณารา


 Copyright 2026. Bcnsprnw @Library